• 首页
  • 本馆介绍
  • 公告通知
  • 最新文献
  • 馆藏检索
  • 电子资源
  • 读者导购
  • 参考咨询
  • 我的图书馆
  • 登录
  • 详细信息显示
  • 放入我的书架
  • 预约/预借图书
  • 作者相关作品
  • 分类相关作品
  • 丛书相关作品
  • 出版社相关作品

书目信息

  • 表格格式
  • 工作单格式
  • 卡片格式
题名:
建筑与都市
    
 
作者: 王娜 执行主编 ;盛洋 英文翻译 ;建筑与都市中文版编辑部 编
分册: 058(14:12)   专辑:数据驱动的城市
出版信息: 武汉   华中科技大学出版社  2015.1
页数: 136页
开本: 30cm
丛书名:
单 册:
中图分类: TU206
科图分类:
主题词: 建筑设计--世界--现代--图集
电子资源:
ISBN: 978-7-5609-9878-7
000 01333nam0 2200301 450
001 0400005418
005 20171028174725.0
010    @a978-7-5609-9878-7@dCNY49.00
100    @a20151327d2015 em y0chiy0110 ea
101 0  @achi@aeng
102    @aCN@b420000
105    @aab z 000yy
106    @ar
200 1  @a建筑与都市@Ajian zhu yu du shi@e中文版@h058(14:12)@i专辑:数据驱动的城市@dArchitecture and urbanism@eChinese edition@h058(14:12)@iFeature: data-driven cities@i别册@f王娜执行主编@g《建筑与都市》中文版编辑部编@g盛洋[等]英文翻译@zeng
210    @a武汉@c华中科技大学出版社@d2015.1
215    @a136页@c图,照片,地图@d30cm
304    @a英文翻译者还有:宫本丽、陈霜、陈贺昌
304    @a本书无题名页,200字段信息取自版权页及封面
307    @a附:《建筑与都市058·别册:当代华人建筑师英杰》
330    @a本书收录了领先创新者和评论家的论文与访谈,围绕大数据的空间影响呈现出地图测绘、媒体立面等一系列主题。
510 1  @aArchitecture and urbanism@eChinese edition@h058(14:12)@iFeature: data-driven cities@zeng
606 0  @a建筑设计@y世界@z现代@j图集
690    @aTU206@v5
701  0 @a王娜@Awang na@4执行主编
702  0 @a盛洋@Asheng yang@4英文翻译
711 02 @a建筑与都市中文版编辑部@Ajian zhu yu du shi zhong wen ban bian ji bu@4编
801  0 @aCN@b上海新华@c20171028
905    @b1028387-91@dTU206@e1363@f5
    
    建筑与都市:中文版.058(14:12).专辑:数据驱动的城市=Architecture and urbanism:Chinese edition.058(14:12).Feature: data-driven cities.别册/王娜执行主编/《建筑与都市》中文版编辑部编/盛洋[等]英文翻译.-武汉:华中科技大学出版社,2015.1
    136页:图,照片,地图;30cm
    
    
    ISBN 978-7-5609-9878-7:CNY49.00
    本书收录了领先创新者和评论家的论文与访谈,围绕大数据的空间影响呈现出地图测绘、媒体立面等一系列主题。
●
相关链接 在E读中查询图书 在五车中查询图书 在当当中查询图书 在豆瓣中查询图书


正题名:建筑与都市     索取号:TU206/1363         预约/预借

序号 登录号 条形码 馆藏地/架位号 状态 备注
1 1028387   210283879   第二样本阅览室/ [索取号:TU206/1363] 在馆    
2 1028388   210283888   第三借阅区/ [索取号:TU206/1363] 在馆    
3 1028389   210283897   第三借阅区/ [索取号:TU206/1363] 在馆    
4 1028390   210283904   第三借阅区/ [索取号:TU206/1363] 在馆    
5 1028391   210283913   密集书库-生命科学系/ [索取号:TU206/1363] 在馆    
唐山师范学院图书馆 欢迎您!
大连网信软件有限公司© 版权所有